书目信息 |
| 题名: |
临床心理护理指南
|
|
| 作者: | 尼克尔斯 ;吴箐 , 刘晓虹 | |
| 分册: | ||
| 出版信息: | 北京 中国轻工业 2007 |
|
| 页数: | 204页 | |
| 开本: | 19cm | |
| 丛书名: | 临床心理治疗系列 | |
| 单 册: | ||
| 中图分类: | R471 | |
| 科图分类: | ||
| 主题词: | 护理学 | |
| 电子资源: | ||
| ISBN: | 7-5019-5607-3 | |
| 000 | 00690nam0 2200229 450 | |
| 001 | 0753865015 | |
| 005 | 20070818145745.01 | |
| 010 | @a7-5019-5607-3@d¥23.00 | |
| 100 | @a20070818d km y0chiy0120 ea | |
| 101 | 0 | @achi |
| 200 | 1 | @a临床心理护理指南@Alin chuang xin li hu li zhi nan@f(英)尼克尔斯@F(ying)ni ke er si@g刘晓虹,吴箐@Gliu xiao hong,wu qing |
| 210 | @a北京@c中国轻工业@d2007 | |
| 215 | @a204页@d19cm | |
| 225 | 2 | @a临床心理治疗系列 |
| 410 | 0 | @12001 @a临床心理治疗系列 |
| 606 | 0 | @a护理学 |
| 690 | @aR471@v3 | |
| 701 | 0 | @a尼克尔斯@Ani ke er si |
| 702 | 0 | @a吴箐@Awu qing |
| 702 | 0 | @a刘晓虹@Aliu xiao hong |
| 801 | 0 | @aCN@bPFT@c20070818 |
| 905 | @a213230@dR471@ee19@f1 | |
| 临床心理护理指南/(英)尼克尔斯/刘晓虹,吴箐.-北京:中国轻工业,2007 |
| 204页;19cm.-(临床心理治疗系列) |
| ISBN 7-5019-5607-3:¥23.00 |
| ● |
| 相关链接 |
|
|
|
|
正题名:临床心理护理指南
索取号:R471/e19
 
预约/预借
| 序号 | 登录号 | 条形码 | 馆藏地/架位号 | 状态 | 备注 |
| 1 | 6304668 | 263046689 | 教育系资料室/ [索取号:R471/e19] | 在馆 | |
| 2 | 6304669 | 263046698 | 教育系资料室/ [索取号:R471/e19] | 在馆 | |
| 3 | 6304670 | 263046705 | 教育系资料室/ [索取号:R471/e19] | 在馆 | |
| 4 | 6304671 | 263046714 | 教育系资料室/ [索取号:R471/e19] | 在馆 | |
| 5 | 6304672 | 263046723 | 教育系资料室/ [索取号:R471/e19] | 在馆 |